Presidenti del Consiglio della Repubblica Italiana - Statistics

Statistiche generali
  • Questo quiz è stato fatto 226 volte
  • Il punteggio medio è 28 su 45
Statistiche sulle risposte
Mandato Presidente del Consiglio % Corretto
2022- Meloni
99%
1994-1995 Berlusconi
98%
2001-2006 Berlusconi
98%
2008-2011 Berlusconi
98%
2018-2021 Conte
96%
2014-2016 Renzi
96%
2021-2022 Draghi
95%
1946-1953 De Gasperi
83%
2011-2013 Monti
82%
1972-1973 Andreotti
81%
1976-1979 Andreotti
81%
1989-1992 Andreotti
81%
2013-2014 Letta
81%
1983-1987 Craxi
80%
2016-2018 Gentiloni
78%
1996-1998 Prodi
78%
2006-2008 Prodi
78%
1963-1968 Moro
74%
1974-1976 Moro
74%
1998-2000 D'Alema
61%
1979-1980 Cossiga
60%
1954 Fanfani
59%
1958-1959 Fanfani
59%
1960-1963 Fanfani
59%
1982-1983 Fanfani
59%
1987 Fanfani
59%
1993-1994 Ciampi
57%
1992-1993 Amato
52%
2000-2001 Amato
52%
1963 Leone
50%
1968 Leone
50%
1981-1982 Spadolini
47%
1995-1996 Dini
45%
1955-1957 Segni
44%
1959-1960 Segni
44%
1988-1989 De Mita
40%
1987-1988 Goria
40%
1980-1981 Forlani
38%
1968-1970 Rumor
37%
1973-1974 Rumor
37%
1954-1955 Scelba
33%
1953-1954 Pella
32%
1970-1972 Colombo
31%
1960 Tambroni
31%
1957-1958 Zoli
21%
Nessun quiz corrispondente trovato
Distribuzione punteggi
Percentuale di utenti per punteggio
Percentile per numero di risposta
I tuoi punteggi nel tempo
Non hai fatto questo quiz